[Event "XLV Sevilla Open 2020"]
[Site "Sevilla"]
[Date "2020.01.12"]
[Round "3.10"]
[White "Gagare, Shardul"]
[Black "Lacrosse, Marc"]
[Result "1-0"]
[WhiteElo "2481"]
[BlackElo "2120"]
[Annotator "TA"]
[PlyCount "67"]
[EventDate "2020.01.05"]
[EventType "swiss"]
[EventCountry "ESP"]
[SourceTitle "playchess.com"]
[Source "ChessBase"]
[SourceQuality "1"]

{[%evp 19,67,17,27,21,20,20,20,21,12,13,29,10,20,20,38,6,16,14,28,11,10,19,44,27,27,23,14,12,33,25,25,9,9,9,10,11,12,-6,-5,-10,0,0,5,-21,-21,-20,11,0,168,152]} 1. d4 d5 2. c4 e6 3. Nf3 Nf6 4. Nc3 Nbd7 5. Bg5 c6 6. e3 Qa5 7. cxd5 Nxd5 8. Qd2 Bb4 9. Rc1 h6 10. Bh4 c5 11. a3 {D52: Queen's Gambit Declined: Cambridge Springs Variation} Bxc3 $1 12. bxc3 {[%cal Bb2c3,Bc3c4][%mdl 32]} b6 13. c4 {The position is equal.} Qxd2+ 14. Nxd2 Ne7 15. Bd3 {With the idea Be4.} (15. f3 Ba6 16. Be2 f5 17. O-O {1-0 (49) So,W (2822)-Dreev,A (2651) chess.com INT 2017}) 15... Bb7 16. f3 Rc8 {[#]} 17. Ke2 $146 ({Predecessor:} 17. O-O f6 18. Rfd1 {½-½ (41) Gretarsson,H (2543)-Agrest,E (2595) Tromsoe 2014}) 17... f6 18. Bf2 O-O 19. Rhd1 Rfd8 20. Ne4 Nf5 21. g4 Bxe4 $1 22. Bxe4 Nd6 23. Bd3 Kf7 24. Bg3 Ke7 25. a4 cxd4 26. exd4 e5 27. Kf2 Nf7 28. Be4 exd4 29. Rxd4 Nde5 30. Bd5 Rc5 {[#] aiming for ...Rdxd5!} 31. Re1 {And now f4 would win.} Kf8 32. Red1 Rdc8 33. h3 Nd6 $2 (33... Rd8 $11 {and Black stays safe.}) 34. Be6 {[%mdl 64] Discovered Attack. Accuracy: White = 42%, Black = 53%.} 1-0

[Event "XLV Sevilla Open 2020"]
[Site "Sevilla"]
[Date "2020.01.12"]
[Round "3.11"]
[White "Pingin, Artem"]
[Black "Swayams, Mishra"]
[Result "0-1"]
[WhiteElo "2143"]
[BlackElo "2479"]
[Annotator "TA"]
[PlyCount "94"]
[EventDate "2020.01.05"]
[EventType "swiss"]
[EventCountry "ESP"]
[SourceTitle "playchess.com"]
[Source "ChessBase"]
[SourceQuality "1"]

{[%evp 16,94,18,15,32,10,10,18,19,23,45,40,57,7,17,-1,0,0,0,-9,-6,-22,16,6,18,16,15,16,29,20,27,31,44,16,20,27,20,0,0,-103,-111,-112,-104,-105,-108,-84,-91,-102,-97,-87,-91,-108,-108,-107,-106,-358,-345,-343,-336,-518,-370,-626,-606,-905,-886,-751,-701,-29972,-29971,-29966,-29961,-29977,-29979,-29977,-29978,-29980,-29981,-29981,-29982,-29980,-29981]} 1. e4 e6 2. d4 d5 3. exd5 exd5 4. Nf3 Bd6 5. c4 c6 6. Nc3 Ne7 7. Bd3 dxc4 8. Bxc4 O-O 9. O-O Bf5 {C01: French: Exchange Variation} (9... Nd7 10. h3 Nb6 11. Bb3 Nbd5 12. Re1 Bf5 13. Bg5 f6 14. Bd2 Qd7 15. Ne4 Bxe4 16. Rxe4 Rfe8 17. Qe2 Ng6 18. Re1 Kf7 19. Rxe8 Rxe8 20. Qxe8+ Qxe8 21. Rxe8 {½-½ (21) Cornette,M (2602)-Meier,G (2655) Germany 2018}) 10. Bg5 h6 11. Bh4 Qc7 {The position is equal.} 12. Rc1 $146 ({Predecessor:} 12. d5 Ng6 13. Bg3 Bxg3 14. fxg3 cxd5 15. Bxd5 Nc6 16. Kh1 Rad8 17. Qb3 {1-0 (86) Hong,X (1929)-Liu,M (2133) Zhongshan 2013}) 12... Ng6 13. Bg3 Bxg3 14. hxg3 (14. fxg3 {looks sharper.} Qd7 15. Na4 b6 16. d5 Bg4 17. Bb3) 14... Nd7 15. Bb3 Rad8 16. Re1 Nf6 17. Re2 Qd6 18. Qe1 Bg4 19. Ne4 Nxe4 20. Rxe4 Bxf3 21. gxf3 Qf6 22. Qe3 Rd7 23. Re1 Rfd8 24. Re8+ Kh7 25. Rxd8 Rxd8 26. Rd1 Ne7 27. Qe5 (27. f4 $11) 27... Qxe5 $17 28. dxe5 Rxd1+ 29. Bxd1 {[%mdl 4096] Endgame [#] KB-KN} g5 $1 30. Kg2 {[#]} Ng6 $1 31. f4 gxf4 32. gxf4 Nxf4+ 33. Kf3 Ne6 34. Ke4 Kg6 35. Bg4 $2 {[%mdl 8192]} (35. f4 $17 f5+ 36. Ke3) 35... Kg5 $19 36. Bh3 h5 37. b4 (37. b3 {is a better defense.}) 37... h4 38. Kf3 $2 (38. Bf1) 38... b6 {[%cal Bb7b6,Bb6c5][%mdl 32]} 39. Ke3 c5 40. bxc5 bxc5 41. Ke4 Nf4 {Black mates.} 42. Bc8 h3 43. Bb7 h2 44. Ke3 Kf5 45. e6 fxe6 46. Be4+ Ke5 47. Bh1 c4 {Accuracy: White = 35%, Black = 80%.} 0-1

[Event "XLV Sevilla Open 2020"]
[Site "Sevilla"]
[Date "2020.01.12"]
[Round "3.12"]
[White "Alsina Leal, Daniel"]
[Black "Pallares Bejarano, Salvador"]
[Result "1-0"]
[WhiteElo "2465"]
[BlackElo "2106"]
[Annotator "TA"]
[PlyCount "83"]
[EventDate "2020.01.05"]
[EventType "swiss"]
[EventCountry "ESP"]
[SourceTitle "playchess.com"]
[Source "ChessBase"]
[SourceQuality "1"]

{[%evp 20,83,36,19,22,19,23,20,44,19,15,19,21,11,12,8,23,21,28,28,112,112,113,113,112,109,113,113,110,108,111,94,98,104,104,104,104,104,110,108,103,85,181,177,208,217,248,241,277,272,298,304,342,335,339,329,505,506,520,551,612,606,599,590,29979,29980]} 1. Nf3 Nf6 2. c4 c5 3. g3 g6 4. Bg2 Bg7 5. O-O O-O 6. Nc3 Nc6 7. d4 cxd4 8. Nxd4 Nxd4 9. Qxd4 d6 10. Qh4 Rb8 11. Bh6 Be6 {A39: Symmetrical English vs ...g6: 4 Bg2 Bg7 5 Nf3 Nf6 6 0-0 0-0 7 d4} 12. Bxg7 Kxg7 13. Qd4 Kg8 {The position is equal.} (13... Qc7 14. b3 Qc5 15. Qxc5 dxc5 16. Rfd1 Rfc8 17. e4 Nd7 18. Nd5 Bxd5 19. cxd5 {1-0 (55) Johansson,L (2457)-Brynell,S (2391) Gothenburg 2018}) 14. Bd5 $146 ({Predecessor:} 14. b3 Qa5 15. Rfd1 Rfc8 16. Nb5 a6 17. Nxd6 Rd8 18. Nxb7 Rxd4 19. Nxa5 {1-0 (47) Nezval,F (1860)-Stehlik,J (1943) Ceske Budejovice 2019}) 14... Bxd5 15. Nxd5 Nxd5 16. Qxd5 Qb6 17. b3 Rfd8 18. Rfd1 Rbc8 19. Qg5 Rc5 (19... f6 $11 {remains equal.} 20. Qg4 Rc5) 20. Qxe7 $16 Re5 21. Qf6 $36 {[%mdl 2048] White is really pushing.} Rxe2 22. c5 $1 {[%cal Rc5b6]} Qc7 23. Rxd6 Rde8 24. b4 Qe7 25. Qxe7 (25. Qd4 {feels hotter.} Qe5 26. a3 Qxd4 27. Rxd4 Kf8 28. Rd7) 25... R8xe7 {[%mdl 4096] Endgame KRR-KRR} 26. a3 Rc2 27. Rad1 Ree2 {[#]} 28. Rf6 $1 {Threatens to win with Rd7.} Rcd2 29. Rxd2 Rxd2 {KR-KR} 30. c6 bxc6 (30... b5 $16 {is a better defense.}) 31. Rxc6 $18 Rd7 32. b5 Kf8 33. a4 Ke8 34. Kg2 Kd8 35. Kf3 Re7 36. Kf4 h6 37. h4 Rd7 (37... Ke8 {keeps fighting.} 38. h5 gxh5 39. Rxh6 Re2) 38. Ke5 Ke7 39. g4 h5 40. gxh5 gxh5 41. f4 Kd8 42. Rd6 {Accuracy: White = 79%, Black = 28%.} 1-0

[Event "XLV Sevilla Open 2020"]
[Site "Sevilla"]
[Date "2020.01.12"]
[Round "3.13"]
[White "Romero Romero, Sebastian"]
[Black "Ravi, Teja S."]
[Result "0-1"]
[WhiteElo "2122"]
[BlackElo "2464"]
[Annotator "TA"]
[PlyCount "64"]
[EventDate "2020.01.05"]
[EventType "swiss"]
[EventCountry "ESP"]
[SourceTitle "playchess.com"]
[Source "ChessBase"]
[SourceQuality "1"]

{[%evp 10,64,18,15,37,34,28,16,51,22,24,37,56,56,56,56,62,65,74,30,29,-9,-7,-5,-23,-16,-14,-18,-21,-22,-29,-40,-35,-103,-71,-70,-76,-89,-57,-97,-99,-85,-76,-161,-171,-206,-191,-200,-193,-185,-172,-392,-405,-422,-416,-440,-431]} 1. e4 c6 2. Nf3 d5 3. Nc3 dxe4 4. Nxe4 Nf6 5. Qe2 Nxe4 6. Qxe4 Qa5 {B11: Caro-Kann: Two Knights Variation} 7. Qf4 Qf5 8. Qe3 Qe6 {The position is equal.} 9. b3 Qxe3+ 10. fxe3 c5 11. Bb2 Nc6 12. O-O-O e6 $146 ({Predecessor:} 12... Bf5 13. Bb5 Rc8 14. Rhf1 {1-0 (42) L'Ami,E (2622)-Elgersma,O (2258) Vlissingen 2019}) 13. d4 Bd7 14. Bc4 f6 15. d5 exd5 16. Bxd5 O-O-O 17. e4 Bd6 18. Rhe1 Rhe8 19. Kb1 Kc7 20. h3 Bg3 21. Re2 (21. Re3 $15) 21... Nb4 22. Bc4 b5 23. Bf7 Rf8 24. a3 Rxf7 25. axb4 cxb4 26. Red2 (26. e5 $17) 26... Re8 $19 27. e5 fxe5 28. Ng5 Rfe7 {Threatens to win with ...Bf4.} 29. Ne4 Bf4 30. Rd5 $2 (30. Re2) 30... Bc6 31. g3 Bh6 32. Rc5 {[#] Rd6 is the strong threat.} Be3 {Accuracy: White = 37%, Black = 77%.} 0-1

[Event "XLV Sevilla Open 2020"]
[Site "Sevilla"]
[Date "2020.01.12"]
[Round "3.14"]
[White "Das, Arghyadip"]
[Black "Pindado Campos, Raul"]
[Result "1-0"]
[WhiteElo "2451"]
[BlackElo "2103"]
[Annotator "TA"]
[PlyCount "69"]
[EventDate "2020.01.05"]
[EventType "swiss"]
[EventCountry "ESP"]
[SourceTitle "playchess.com"]
[Source "ChessBase"]
[SourceQuality "1"]

{[%evp 9,69,-4,11,0,0,2,22,8,38,33,66,63,72,46,56,53,64,0,4,-18,29,18,33,0,3,0,0,-6,13,27,14,-20,0,-10,0,0,102,79,235,229,221,221,434,437,433,425,487,489,484,479,523,521,556,538,537,534,674,692,680,653,1413,1402]} 1. e4 c5 2. Nc3 Nc6 3. Bb5 Nd4 4. Bc4 e6 5. Nge2 a6 6. Nxd4 {B23: Closed Sicilian: Lines without g3} (6. a4 Ne7 7. O-O Nec6 8. d3 Be7 9. f4 d6 10. Ng3 g6 11. Kh1 h5 12. Nge2 Rb8 13. Nxd4 Nxd4 {0-1 (29) Can,E (2600)-Hansen,E (2606) Moscow 2019}) 6... cxd4 7. Ne2 b5 8. Bb3 {The position is equal.} Qb6 9. d3 Ne7 10. O-O Nc6 11. a3 Bb7 12. f4 Be7 13. Ng3 $146 (13. f5 $14) ({Predecessor:} 13. Bd2 h5 14. Kh1 g6 15. Ng1 Na5 16. Ba2 f5 17. Nf3 fxe4 18. dxe4 {1-0 (28) Gallagher,J (2500)-Carron,J (2372) Flims 2012}) 13... g6 $11 14. Qe2 Na5 15. Ba2 Nc4 16. Kh1 ({Much worse is} 16. dxc4 d3+ 17. Be3 dxe2 $17) 16... Ne3 17. Bxe3 dxe3 18. Rf3 h5 19. Nf1 f5 20. Rxe3 {And now exf5 would win.} h4 21. h3 fxe4 22. dxe4 g5 (22... Rf8 $11 {remains equal.}) 23. f5 $16 g4 $2 (23... O-O-O $16 {keeps fighting.}) 24. Qxg4 $18 {[#] aiming for Qg6+.} O-O-O 25. fxe6 d6 $2 (25... Kb8 {is a better defense.} 26. exd7 Qd4) 26. Qg7 {White is clearly winning.} Rde8 27. Bd5 Rhg8 28. Qc3+ Kb8 29. Rf3 Rc8 30. Qd3 Bxd5 31. exd5 Qc5 32. c3 Rg5 33. Ne3 Re5 34. Rd1 Bg5 {[%cal Re5e3]} 35. Ng4 {Accuracy: White = 58%, Black = 29%.} 1-0

[Event "XLV Sevilla Open 2020"]
[Site "Sevilla"]
[Date "2020.01.12"]
[Round "3.15"]
[White "Simon Padros, Emili"]
[Black "Panjwani, Raja"]
[Result "0-1"]
[WhiteElo "2119"]
[BlackElo "2444"]
[Annotator "TA"]
[PlyCount "70"]
[EventDate "2020.01.05"]
[EventType "swiss"]
[EventCountry "ESP"]
[SourceTitle "playchess.com"]
[Source "ChessBase"]
[SourceQuality "1"]

{[%evp 15,72,6,25,10,23,24,25,4,10,-32,-31,-43,-29,-40,-29,-52,-40,-65,-10,-60,-29,-43,-33,-49,-40,-71,-76,-74,-77,-124,-136,-129,-137,-131,-131,-241,-252,-441,-438,-443,-428,-539,-529,-560,-474,-579,-587,-559,-552,-746,-724,-926,-912,-860,-767,-729,-518,-506,-500]} 1. e4 c6 2. d4 d5 3. e5 Bf5 4. h4 h5 5. c4 e6 6. Nc3 Ne7 7. Bg5 dxc4 8. Bxc4 Nd7 9. Nge2 {B12: Caro-Kann: Advance Variation} f6 (9... Nb6 10. Bb3 Qd7 11. Qd2 Ned5 12. Rd1 Be7 13. Ng3 Bg6 14. Bxe7 Qxe7 15. Nce4 O-O-O 16. Nd6+ Kb8 {½-½ (43) McShane,L (2674)-Shimanov,A (2593) Las Vegas 2015}) 10. exf6 gxf6 11. Be3 {White has an edge.} Nb6 $1 {[%cal Rb6c4]} 12. Bd3 Qd7 13. Ng3 Bxd3 14. Qxd3 Ned5 15. Nge4 $146 ({Predecessor:} 15. O-O O-O-O 16. Rac1 Nxe3 17. fxe3 {0-1 (30) Nayhebaver,M (2144)-Michalik,P (2508) Slovakia 2012}) 15... O-O-O 16. O-O-O Qh7 (16... Nxe3 $15 17. fxe3 f5) 17. Rh3 Kb8 18. Rf3 Be7 $36 {[%mdl 2048] Black has some pressure.} 19. a3 Rhg8 20. Rg3 Rxg3 21. Nxg3 f5 22. Bg5 Bxg5+ 23. hxg5 Qg6 24. Nxd5 Nxd5 ({And not} 24... cxd5 25. f4 $11) 25. Qe2 (25. Qd2 $17) 25... Qxg5+ $19 26. Kb1 $2 {[#]} (26. Qd2 {was the only defense.} Qg4 27. Qh6) 26... h4 {Black is clearly winning.} 27. Qe5+ Ka8 28. Ne4 Qxg2 29. Nc5 Re8 30. Qd6 h3 31. Qd7 {[%cal Rd7e8] [#]} Rb8 32. Nxe6 a6 33. Nc5 h2 {Threatens to win with ...Qg1!} 34. Qh7 Nf4 35. Nd7 Qg1 {Played: Nf4-h3} 0-1

[Event "XLV Sevilla Open 2020"]
[Site "Sevilla"]
[Date "2020.01.12"]
[Round "3.16"]
[White "Chen, Qi b"]
[Black "Lopez Martin, Carlos *"]
[Result "1-0"]
[WhiteElo "2432"]
[BlackElo "2097"]
[Annotator "TA"]
[PlyCount "57"]
[EventDate "2020.01.05"]
[EventType "swiss"]
[EventCountry "ESP"]
[SourceTitle "playchess.com"]
[Source "ChessBase"]
[SourceQuality "1"]

{[%evp 20,57,64,45,68,41,97,105,103,108,116,112,103,103,112,107,102,102,102,105,279,269,306,300,305,294,624,624,620,586,2031,2032,1903,1789,1786,1785,1494,1107,2297,2302]} 1. e4 e6 2. d4 d5 3. Nd2 Nf6 4. e5 Nfd7 5. Bd3 c5 6. c3 Nc6 7. Ne2 cxd4 8. cxd4 f6 9. exf6 Qxf6 10. Nf3 Bd6 11. O-O O-O {C06: French Tarrasch: 3...Nf6 4 e5 Nfd7 5 Bd3 main lines} 12. Ng3 (12. Be3 e5 13. dxe5 Ndxe5 14. Nxe5 Bxe5 15. Ng3 Be6 16. Rb1 g6 17. b4 Bd6 18. Qd2 Ne5 19. Be2 {½-½ (67) Vachier Lagrave,M (2788)-Caruana,F (2795) chess.com INT 2016}) 12... e5 (12... g6 $14) 13. Qb3 $16 Nb6 {[#]White is better.} 14. Ne4 $1 {[%cal Re4f6]} Qe7 {Hoping for ...Na5.} 15. Nxd6 Qxd6 {[#]} 16. dxe5 $1 Nxe5 17. Nxe5 Qxe5 {[#]} 18. Be3 $146 ({Predecessor:} 18. Bd2 Be6 19. Rae1 Qf6 20. Bc3 Qf7 21. Bd4 Nc4 22. Qc2 g6 23. b3 Nd6 24. Qe2 Nf5 25. Bxf5 {1-0 (25) Vovk,A (2504)-Sieciechowicz,M (2214) Moscow 2007}) 18... Nc4 19. Rfe1 {Black must now prevent Bc5.} Qh5 $2 (19... Nxe3 $16 {was necessary.} 20. Rxe3 Qd6) 20. Bc5 $18 Rd8 21. Re7 Ne5 22. Qc3 {Strongly threatening Re1.} d4 $2 (22... Nf7 23. Rae1 Bf5) 23. Bc4+ {White is clearly winning.} Kh8 {[#]} 24. Qg3 $1 {[%csl Ge7][%cal Rg3g7][%mdl 512]} Ng6 {[#]} 25. Bxd4 $1 {[%csl Ge7][%cal Rd4g7][%mdl 512]} Qh6 (25... Rxd4 26. Re8+) 26. Bxg7+ Qxg7 27. Rxg7 Kxg7 28. h4 Rd4 29. Qc3 {Accuracy: White = 94%, Black = 29%.} 1-0

[Event "XLV Sevilla Open 2020"]
[Site "Sevilla"]
[Date "2020.01.12"]
[Round "3.17"]
[White "Pavcevic, Bruno"]
[Black "Pap, Misa"]
[Result "0-1"]
[WhiteElo "2113"]
[BlackElo "2427"]
[Annotator "TA"]
[PlyCount "68"]
[EventDate "2020.01.05"]
[EventType "swiss"]
[EventCountry "ESP"]
[SourceTitle "playchess.com"]
[Source "ChessBase"]
[SourceQuality "1"]

{[%evp 25,100,29,27,0,0,0,0,0,6,7,5,7,7,7,7,9,8,-28,-26,-21,-25,-27,-25,-31,-20,-45,-38,-34,-28,-47,-47,-45,-45,-49,-41,-42,-35,-37,-15,-35,-35,-41,-34,-33,-24,-33,0,-35,-33,-31,-25,-24,-10,-19,-10,-37,-37,-36,-39,-173,-173,-237,-41,-157,-143,-237,-237,-377,-375,-377,-377,-365,-360,-873,-360,-360,-360]} 1. e4 c5 2. Nf3 Nc6 3. d4 cxd4 4. Nxd4 g6 5. c4 Nf6 6. Nc3 d6 7. Be2 Nxd4 8. Qxd4 Bg7 9. Be3 O-O 10. Qd2 a5 11. O-O a4 12. Rac1 Qa5 13. f3 Be6 14. Nd5 {aiming for Qxa5. B36: Sicilian: Maroczy Bind: Gurgenidze System} Qxd2 15. Bxd2 Nxd5 16. cxd5 {The position is equal.} Bd7 17. Rc7 Bd4+ 18. Kh1 Rfd8 19. Rxb7 Rab8 20. Rxb8 Rxb8 21. b3 $146 ({Predecessor:} 21. Rb1 Rxb2 22. Rxb2 Bxb2 {½-½ (33) Pakhomov,E (2458)-Timofeev,A (2631) St Petersburg 2012}) 21... axb3 22. axb3 Rxb3 {[#] Strongly threatening ...Rb2.} 23. Bf4 f5 24. Rd1 Be3 25. Bg3 Rb2 26. Bd3 Ba4 27. Ra1 Rd2 28. Ba6 Bd4 29. Re1 fxe4 30. fxe4 Kg7 31. h4 Bb3 32. Bc8 h5 33. Ba6 Rb2 34. Kh2 Ba2 {Played: Rb2-c2} 0-1

[Event "XLV Sevilla Open 2020"]
[Site "Sevilla"]
[Date "2020.01.13"]
[Round "4.1"]
[White "Grigoryan, Karen H."]
[Black "Campora, Daniel H."]
[Result "1-0"]
[WhiteElo "2632"]
[BlackElo "2420"]
[Annotator "TA"]
[PlyCount "57"]
[EventDate "2020.01.05"]
[EventType "swiss"]
[EventCountry "ESP"]
[SourceTitle "playchess.com"]
[Source "ChessBase"]
[SourceQuality "1"]

{[%evp 14,57,19,14,23,8,39,29,28,27,21,10,20,0,8,-9,10,0,0,0,0,0,0,0,0,-43,0,0,0,0,0,0,0,0,53,62,37,20,10,0,36,0,44,56,708,707]} 1. d4 Nf6 2. c4 e6 3. Nf3 b6 4. g3 Ba6 5. Nbd2 d5 6. Bg2 Be7 7. O-O O-O 8. b3 Bb7 {E15: Queen's Indian: 4 g3 sidelines, 4 g3 Ba6 and 4 g3 Bb7 early deviations} 9. Bb2 c5 10. dxc5 (10. Rc1 Nbd7 11. cxd5 exd5 12. Ne5 Nxe5 13. dxe5 Ne8 14. Qc2 Qd7 15. Rfd1 Rd8 {1-0 (58) Bai,J (2604)-Fedoseev,V (2702) China 2019}) 10... bxc5 {White has an edge.} 11. cxd5 exd5 12. Nh4 g6 13. Qc2 $146 ({Predecessor:} 13. Re1 Nbd7 14. e4 d4 15. Nc4 Re8 16. e5 {1-0 (32) Epishin,V (2300)-Vyzmanavin,A (2485) Omsk 1985}) 13... Na6 14. Nc4 Rb8 {[#] aiming for ...Nb4.} 15. Rad1 Nb4 16. Qb1 Nd7 17. Nf5 $1 {[%cal Rf5h6]} gxf5 18. Qxf5 {a3 is the strong threat.} d4 {Strongly threatening ...Bxg2.} 19. Bxd4 (19. Bxb7 {feels hotter.} Rxb7 20. e3 Nb6 21. Qg4+ Kh8 22. Na5) 19... cxd4 (19... Bxg2 {is more complex.} 20. Bxc5 Bc6 21. Bxb4 Rxb4 22. Ne5 Qc8) 20. Rxd4 Bxg2 21. Rxd7 Bxf1 22. Rxd8 Rbxd8 23. Kxf1 f6 (23... Nxa2 $11 24. Ne3 Rd6) 24. a3 $14 {[%mdl 1024] White has compensation.} Nd5 $1 25. b4 Rf7 26. e4 $36 {[%mdl 2048] White is pushing.} Nb6 27. Ne3 Bf8 28. e5 {[%mdl 64] [#] Overworked Piece} fxe5 $2 {[%mdl 8192]} (28... Nd5 $14 29. Qg4+ Kh8 30. Nxd5 Rxd5) 29. Qg5+ {[%mdl 64] Double Attack. Accuracy: White = 47%, Black = 25%.} 1-0

[Event "XLV Sevilla Open 2020"]
[Site "Sevilla"]
[Date "2020.01.13"]
[Round "4.2"]
[White "Pap, Misa"]
[Black "Lu, Shanglei"]
[Result "0-1"]
[WhiteElo "2427"]
[BlackElo "2611"]
[Annotator "TA"]
[PlyCount "74"]
[EventDate "2020.01.05"]
[EventType "swiss"]
[EventCountry "ESP"]
[SourceTitle "playchess.com"]
[Source "ChessBase"]
[SourceQuality "1"]

{[%evp 13,74,0,15,18,19,0,0,0,0,-7,-4,-9,19,-45,-41,-40,-44,-42,-45,-68,-39,-35,-41,-50,-59,-47,-29,-88,-106,-114,-124,-117,-118,-124,-109,-143,-140,-133,-121,-161,-121,-270,-274,-326,-310,-354,-345,-387,-377,-531,-530,-530,-530,-1428,-1334,-5406,-5306,-29988,-29989,-29989,-29989,-29993,-29994]} 1. e4 c5 2. c3 d5 3. exd5 Qxd5 4. d4 Nf6 5. Nf3 e6 6. Be3 cxd4 7. cxd4 Bb4+ 8. Nc3 {B22: Sicilian: 2 c3} Qa5 9. Qb3 O-O 10. Be2 {The position is equal.} b6 11. Ne5 Ba6 12. Nc4 Qb5 $146 ({Predecessor:} 12... Bxc4 13. Bxc4 Nc6 14. O-O Ne7 15. Rfd1 Rfd8 {1-0 (42) Stevic,H (2592)-Arsovic,Z (2475) Budva 2009}) 13. Bf3 (13. O-O $11 Bxc3 14. bxc3) 13... Nc6 $15 (13... Qxc4 14. Qxc4 Bxc4 15. Bxa8 $16) 14. Nd2 Bxc3 15. bxc3 Rac8 16. c4 Qa5 {Strongly threatening ...e5.} 17. O-O {[#]} Nxd4 $1 {[%mdl 512]} 18. Bxd4 {And now Rfd1 would win.} Qxd2 19. Rfd1 Qf4 20. Qa3 (20. Rac1 $1 $11 Rfd8 21. Be3 Rxd1+ 22. Bxd1) 20... Bxc4 $17 21. Qxa7 Bd5 22. Bxd5 Nxd5 ({Weaker is} 22... exd5 23. Qxb6 Rb8 24. Qa6 $14) 23. Qa3 Rc4 24. g3 Qg4 25. f3 Qf5 26. Rac1 b5 {[%cal Bb6b5,Bb5b4,Bb4c3,Bc3c2][%mdl 32]} 27. Bf2 (27. Bc5 $17 Re8 28. Rxc4 bxc4 29. Qa4) 27... b4 28. Qb3 Rc3 29. Rxc3 bxc3 ({Less strong is} 29... Nxc3 30. Re1 $19) 30. Kg2 h5 31. h4 (31. Rxd5 {was worth a try.} Qxd5 32. Qxc3) 31... Rc8 $19 {aiming for ...c2.} 32. Rc1 Qd3 {White must now prevent ...Qd2.} 33. a3 {[#]} Qd2 $1 34. Qb1 c2 35. Qb2 Ne3+ {Black mates.} 36. Kg1 Nd1 {[%mdl 64] Double Attack} 37. Ba7 Nxb2 {Accuracy: White = 26%, Black = 87%.} 0-1

[Event "XLV Sevilla Open 2020"]
[Site "Sevilla"]
[Date "2020.01.13"]
[Round "4.3"]
[White "Bernadskiy, Vitaliy"]
[Black "Padmini, Rout"]
[Result "1-0"]
[WhiteElo "2588"]
[BlackElo "2369"]
[Annotator "TA"]
[PlyCount "55"]
[EventDate "2020.01.05"]
[EventType "swiss"]
[EventCountry "ESP"]
[SourceTitle "playchess.com"]
[Source "ChessBase"]
[SourceQuality "1"]

{[%evp 9,55,-37,0,-57,-25,-58,77,77,77,61,68,64,63,62,62,74,84,0,24,0,112,100,106,113,108,130,173,166,202,206,306,276,334,247,385,357,456,449,493,512,506,499,716,613,595,581,1428,1405]} 1. e4 e5 2. Nc3 Nc6 3. f4 exf4 4. d4 Qh4+ 5. Ke2 b6 6. a4 {C25: Vienna Game: Alternatives to 2...Nf6} (6. Qd3 $1 $11) (6. Qd2 Ba6+ 7. Kd1 Bxf1 8. Nf3 Qh5 9. Rxf1 g5 10. Nd5 O-O-O 11. a4 a5 12. Qe2 h6 13. Bd2 Kb7 {1-0 (22) Polasek,J (2331)-Jurcik,M (2478) Czech Republic 2018}) 6... Ba6+ 7. Nb5 Bxb5+ (7... O-O-O $15 {stays ahead.} 8. Nf3 Qg4) 8. axb5 $16 {White is better.} Qh5+ 9. Nf3 Qxb5+ 10. Kf2 Qh5 11. Bxf4 Nf6 12. e5 {[%mdl 1024] White has compensation.} Nd5 {[#]} 13. Bg3 (13. Bc1 $1 $16) 13... Qh6 $11 {[%csl Gd5][%cal Rh6e3]} 14. Qe2 g5 $146 (14... Nd8 $11) ({Predecessor:} 14... Be7 15. Qe4 Qe6 16. Bc4 Nf6 17. Qe2 Ng4+ 18. Kf1 Qxc4 {0-1 (18) Steinitz,W-Minckwitz,J Baden-Baden 1870}) 15. Qe4 $16 g4 16. Qxd5 gxf3 17. Rd1 (17. Kxf3 $6 Qh5+ 18. Kf2 Qf5+ 19. Qf3 (19. Kg1 Qxc2 20. h3 Qxb2 $11) 19... Nxd4 $11) 17... Qg6 18. Bd3 (18. Qxf3 $6 Qxc2+ 19. Be2 O-O-O $11) 18... Qg4 {[#]} 19. c3 $1 (19. gxf3 $6 Qxd4+ 20. Qxd4 Nxd4 $14) 19... h5 (19... a5 {might work better.} 20. gxf3 (20. Qxf3 h5 $18) 20... Qh3) 20. h3 ({Less strong is} 20. Qxf3 Qxf3+ 21. gxf3 (21. Kxf3 h4 $16) 21... O-O-O $16) 20... Qg7 {Black wants to play ...h4.} 21. gxf3 $40 {[%mdl 128] Black is in trouble.} Be7 (21... Qh6 {was called for.} 22. Qe4 Rg8) 22. Rhg1 $18 O-O-O 23. Bf4 {White is clearly winning.} Bh4+ 24. Ke2 Qf8 25. b4 f6 (25... Re8 $142 26. b5 Qd6) 26. e6 {And now exd7+ would win.} Qe7 27. Be4 f5 28. exd7+ {Accuracy: White = 76%, Black = 30%.} 1-0